[Event "mpj-chlopcy"]
[Site "?"]
[Date "2014.08.06"]
[Round "8.3"]
[White "Poltorak, Sebastian"]
[Black "Suder, Jakub"]
[Result "1-0"]
[LiveChessVersion "1.4.3"]
[BlackElo "1557"]
[WhiteElo "1356"]

1. d4 {[%clk 0:15:18]} Nf6 {[%clk 0:15:19]} 2. c4 {[%clk 0:15:27]} e6
{[%clk 0:15:27]} 3. Nc3 {[%clk 0:15:35]} d5 {[%clk 0:15:36]} 4. cxd5
{[%clk 0:15:43]} exd5 {[%clk 0:15:44]} 5. Bg5 {[%clk 0:15:51]} Be7
{[%clk 0:15:52]} 6. Qc2 {[%clk 0:15:59]} O-O {[%clk 0:15:52]} 7. e3
{[%clk 0:16:04]} h6 {[%clk 0:16:01]} 8. Bh4 {[%clk 0:16:11]} Nbd7
{[%clk 0:16:00]} 9. Bd3 {[%clk 0:16:19]} c6 {[%clk 0:16:05]} 10. Nge2
{[%clk 0:16:08]} Re8 {[%clk 0:15:43]} 11. O-O {[%clk 0:16:14]} Nf8
{[%clk 0:15:45]} 12. Rae1 {[%clk 0:16:19]} Ne6 {[%clk 0:15:12]} 13. f3
{[%clk 0:15:48]} c5 {[%clk 0:14:52]} 14. dxc5 {[%clk 0:15:33]} Nxc5
{[%clk 0:14:47]} 15. Bf5 {[%clk 0:15:12]} Be6 {[%clk 0:14:20]} 16. Nd4
{[%clk 0:15:00]} Qc7 {[%clk 0:13:50]} 17. Bg3 {[%clk 0:14:44]} Bd6
{[%clk 0:13:47]} 18. Ndb5 {[%clk 0:14:45]} Qd7 {[%clk 0:12:59]} 19. Bxe6
{[%clk 0:14:37]} Rxe6 {[%clk 0:13:05]} 20. Nxd6 {[%clk 0:14:36]} Rxd6
{[%clk 0:13:13]} 21. Bxd6 {[%clk 0:14:44]} Qxd6 {[%clk 0:13:22]} 22. Rd1
{[%clk 0:14:45]} Rd8 {[%clk 0:13:15]} 23. Rd2 {[%clk 0:14:29]} Qb6
{[%clk 0:13:16]} 24. Kh1 {[%clk 0:14:12]} Ne6 {[%clk 0:13:16]} 25. Re1
{[%clk 0:14:11]} d4 {[%clk 0:12:59]} 26. exd4 {[%clk 0:14:02]} Rxd4
{[%clk 0:12:35]} 27. Rxd4 {[%clk 0:14:04]} Qxd4 {[%clk 0:12:39]} 28. Ne4
{[%clk 0:13:04]} Nxe4 {[%clk 0:12:20]} 29. Rxe4 {[%clk 0:13:08]} Qd7
{[%clk 0:12:22]} 30. Rc4 {[%clk 0:12:59]} g6 {[%clk 0:12:09]} 31. Rc3
{[%clk 0:12:33]} Kh7 {[%clk 0:12:07]} 32. Rd3 {[%clk 0:12:31]} Qb5
{[%clk 0:11:57]} 33. h3 {[%clk 0:11:46]} Qe5 {[%clk 0:10:43]} 34. Rd1
{[%clk 0:11:27]} h5 {[%clk 0:10:25]} 35. Qf2 {[%clk 0:11:21]} Qb5
{[%clk 0:08:49]} 36. b3 {[%clk 0:10:56]} a6 {[%clk 0:08:26]} 37. Qd2
{[%clk 0:10:52]} b6 {[%clk 0:07:01]} 38. Qd7 {[%clk 0:10:48]} Qf5
{[%clk 0:06:54]} 39. Re1 {[%clk 0:10:13]} Kg7 {[%clk 0:06:23]} 40. Qb7
{[%clk 0:09:24]} Nf4 {[%clk 0:04:49]} 41. Qe4 {[%clk 0:08:42]} Qf6
{[%clk 0:03:27]} 42. Qe5 {[%clk 0:08:42]} Nd3 {[%clk 0:03:02]} 43. Qxf6+
{[%clk 0:08:49]} Kxf6 {[%clk 0:03:11]} 44. Re3 {[%clk 0:08:33]} Nc1
{[%clk 0:02:24]} 45. Rc3 {[%clk 0:08:29]} Nxa2 {[%clk 0:02:23]} 46. Rc6+
{[%clk 0:08:37]} Ke5 {[%clk 0:02:26]} 47. Rxb6 {[%clk 0:08:45]} Nc1
{[%clk 0:02:26]} 48. Kg1 {[%clk 0:08:29]} a5 {[%clk 0:02:32]} 49. Rb5+
{[%clk 0:08:36]} Kd6 {[%clk 0:02:15]} 50. Kf2 {[%clk 0:07:48]} Kc6
{[%clk 0:01:31]} 51. Rxa5 {[%clk 0:07:54]} Nxb3 {[%clk 0:01:38]} 52. Ra7
{[%clk 0:08:01]} Kd6 {[%clk 0:01:35]} 53. Rxf7 {[%clk 0:08:06]} Ke6
{[%clk 0:01:43]} 54. Rg7 {[%clk 0:08:04]} Kf6 {[%clk 0:01:52]} 55. Rb7
{[%clk 0:08:11]} Nc5 {[%clk 0:01:55]} 56. Rb5 {[%clk 0:08:15]} Ne6
{[%clk 0:01:58]} 57. Rb6 {[%clk 0:08:19]} Kf7 {[%clk 0:01:54]} 58. Ke3
{[%clk 0:08:17]} g5 {[%clk 0:01:59]} 59. g3 {[%clk 0:07:23]} Ng7 {[%clk 0:01:34]}
60. Ke4 {[%clk 0:07:16]} g4 {[%clk 0:01:31]} 61. Rb7+ {[%clk 0:06:24]} Kg6
{[%clk 0:01:23]} 62. Rxg7+ {[%clk 0:06:31]} Kxg7 {[%clk 0:01:27]} 63. hxg4
{[%clk 0:06:40]} hxg4 {[%clk 0:01:36]} 64. f4 {[%clk 0:06:48]} Kg6
{[%clk 0:01:33]} 65. f5+ {[%clk 0:06:55]} Kf6 {[%clk 0:01:42]} 66. Kf4
{[%clk 0:07:04]} Kf7 {[%clk 0:01:51]} 67. Kxg4 {[%clk 0:07:13]} Kf6
{[%clk 0:02:00]} 68. Kf4 {[%clk 0:07:21]} Kg7 {[%clk 0:02:09]} 69. Ke5
{[%clk 0:07:29]} Kf7 {[%clk 0:02:18]} 70. g4 {[%clk 0:07:37]} Kg7
{[%clk 0:02:27]} 71. g5 {[%clk 0:07:44]} Kf7 {[%clk 0:02:36]} 72. g6+
{[%clk 0:07:45]} Kg7 {[%clk 0:02:45]} 73. Ke6 {[%clk 0:07:49]} Kf8
{[%clk 0:02:54]} 74. f6 {[%clk 0:07:53]} Kg8 {[%clk 0:03:03]} 75. f7+
{[%clk 0:07:56]} Kf8 {[%clk 0:03:13]} 76. g7+ {[%clk 0:08:05]} 1-0

[Event "mpj-chlopcy"]
[Site "?"]
[Date "2014.08.06"]
[Round "8.4"]
[White "Czechowski, Jakub"]
[Black "Bachor, Tomasz"]
[Result "0-1"]
[LiveChessVersion "1.4.3"]
[BlackElo "1353"]
[WhiteElo "1396"]

1. e4 {[%clk 0:15:19]} c5 {[%clk 0:15:15]} 2. Nf3 {[%clk 0:15:28]} e6 3. d4 cxd4
{[%clk 0:15:30]} 4. Nxd4 {[%clk 0:15:47]} a6 {[%clk 0:15:39]} 5. Nc3
{[%clk 0:15:46]} b5 {[%clk 0:15:48]} 6. Be3 {[%clk 0:15:35]} Bb7 {[%clk 0:15:51]}
7. f3 {[%clk 0:15:02]} Qc7 {[%clk 0:15:39]} 8. Be2 {[%clk 0:14:49]} Nf6
{[%clk 0:15:26]} 9. Qd2 {[%clk 0:14:37]} d6 {[%clk 0:13:45]} 10. Rd1
{[%clk 0:14:25]} Nbd7 {[%clk 0:13:10]} 11. O-O {[%clk 0:13:59]} Be7
{[%clk 0:12:50]} 12. Bxb5 {[%clk 0:13:06]} axb5 {[%clk 0:12:35]} 13. Ndxb5
{[%clk 0:13:14]} Qb8 {[%clk 0:11:54]} 14. Nxd6+ {[%clk 0:13:18]} Bxd6
{[%clk 0:11:56]} 15. Qxd6 {[%clk 0:13:26]} Qxd6 {[%clk 0:12:01]} 16. Rxd6
{[%clk 0:13:34]} O-O {[%clk 0:10:51]} 17. Bd4 {[%clk 0:13:11]} Rfd8
{[%clk 0:10:14]} 18. Bxf6 {[%clk 0:12:47]} Nxf6 {[%clk 0:10:08]} 19. Rfd1
{[%clk 0:12:56]} Rxd6 {[%clk 0:09:58]} 20. Rxd6 {[%clk 0:13:06]} Kf8
{[%clk 0:09:55]} 21. a3 {[%clk 0:12:57]} Ke7 {[%clk 0:09:36]} 22. Rb6
{[%clk 0:13:00]} Ba6 {[%clk 0:09:14]} 23. Kf2 {[%clk 0:12:15]} Nd7
{[%clk 0:09:18]} 24. Rb4 {[%clk 0:10:26]} Rc8 {[%clk 0:09:02]} 25. f4
{[%clk 0:09:37]} g6 {[%clk 0:08:53]} 26. Ke3 {[%clk 0:08:45]} h5 {[%clk 0:08:46]}
27. Rd4 {[%clk 0:07:52]} Nf6 {[%clk 0:07:03]} 28. h3 {[%clk 0:07:41]} Rc4
{[%clk 0:06:34]} 29. Rxc4 {[%clk 0:07:48]} Bxc4 {[%clk 0:06:42]} 30. Kd4
{[%clk 0:07:54]} Bf1 {[%clk 0:06:48]} 31. g3 {[%clk 0:07:02]} Bxh3
{[%clk 0:06:23]} 32. b4 {[%clk 0:07:02]} Bf1 {[%clk 0:06:15]} 33. Na4
{[%clk 0:06:27]} Nd7 {[%clk 0:05:07]} 34. c4 {[%clk 0:06:00]} f6 {[%clk 0:05:10]}
35. Nc5 {[%clk 0:06:08]} Nb6 {[%clk 0:03:23]} 36. Nd3 {[%clk 0:05:18]} g5
{[%clk 0:02:47]} 37. fxg5 {[%clk 0:04:53]} fxg5 {[%clk 0:02:54]} 38. Nb2
{[%clk 0:04:56]} h4 {[%clk 0:02:27]} 39. gxh4 {[%clk 0:05:05]} gxh4
{[%clk 0:02:29]} 40. Ke3 {[%clk 0:05:14]} Nxc4+ {[%clk 0:02:26]} 41. Nxc4
{[%clk 0:04:58]} Bxc4 {[%clk 0:02:35]} 42. Kf2 {[%clk 0:05:05]} Bb5
{[%clk 0:02:32]} 43. Kg2 {[%clk 0:05:12]} Kf6 {[%clk 0:02:39]} 44. Kh3
{[%clk 0:05:20]} Ke5 {[%clk 0:02:48]} 45. Kxh4 {[%clk 0:05:11]} Kxe4
{[%clk 0:02:56]} 46. Kg3 {[%clk 0:05:21]} Ke3 {[%clk 0:02:54]} 47. Kg2
{[%clk 0:05:27]} e5 {[%clk 0:02:58]} 48. a4 {[%clk 0:05:28]} Bxa4
{[%clk 0:03:06]} 49. Kf1 {[%clk 0:05:38]} Kd2 {[%clk 0:03:12]} 50. Ke1+ 0-1

[Event "mpj-chlopcy"]
[Site "?"]
[Date "2014.08.06"]
[Round "9.1"]
[White "Oglaza, Oskar"]
[Black "Poltorak, Sebastian"]
[Result "1-0"]
[LiveChessVersion "1.4.3"]
[BlackElo "1356"]
[WhiteElo "1555"]

1. e4 {[%clk 0:15:17]} c5 {[%clk 0:15:18]} 2. Nf3 {[%clk 0:15:21]} d6
{[%clk 0:15:25]} 3. d4 {[%clk 0:15:28]} cxd4 {[%clk 0:15:31]} 4. Nxd4
{[%clk 0:15:33]} Nf6 {[%clk 0:15:37]} 5. Nc3 {[%clk 0:15:40]} g6 {[%clk 0:15:43]}
6. f3 {[%clk 0:15:43]} Bg7 {[%clk 0:15:50]} 7. Be3 {[%clk 0:15:48]} O-O
{[%clk 0:15:56]} 8. Qd2 {[%clk 0:15:50]} Nc6 {[%clk 0:16:02]} 9. O-O-O
{[%clk 0:15:46]} d5 {[%clk 0:16:02]} 10. Kb1 {[%clk 0:15:49]} dxe4
{[%clk 0:15:56]} 11. Nxc6 {[%clk 0:15:48]} Qxd2 {[%clk 0:16:02]} 12. Nxe7+
{[%clk 0:15:55]} Kh8 {[%clk 0:16:09]} 13. Rxd2 {[%clk 0:15:57]} exf3
{[%clk 0:16:07]} 14. gxf3 {[%clk 0:16:04]} Re8 {[%clk 0:16:00]} 15. Ned5
{[%clk 0:15:06]} Nxd5 {[%clk 0:15:41]} 16. Nxd5 {[%clk 0:15:07]} Re5
{[%clk 0:15:46]} 17. Bc4 {[%clk 0:14:49]} Be6 {[%clk 0:15:16]} 18. Bd4
{[%clk 0:14:34]} Rg5 {[%clk 0:14:29]} 19. Bxg7+ {[%clk 0:14:14]} Kxg7
{[%clk 0:14:37]} 20. Nc7 {[%clk 0:14:14]} Rc8 {[%clk 0:14:26]} 21. Nxe6+
{[%clk 0:14:13]} fxe6 {[%clk 0:14:34]} 22. Bxe6 {[%clk 0:14:14]} Re8
{[%clk 0:14:34]} 23. Bc4 {[%clk 0:13:48]} Rc8 {[%clk 0:14:34]} 24. Bb3
{[%clk 0:13:49]} Rb8 {[%clk 0:14:22]} 25. Rd7+ {[%clk 0:13:54]} Kh8
{[%clk 0:14:29]} 26. Rhd1 {[%clk 0:13:29]} h5 {[%clk 0:14:27]} 27. a3
{[%clk 0:13:31]} Rf5 {[%clk 0:14:27]} 28. Bd5 {[%clk 0:13:31]} b5
{[%clk 0:14:18]} 29. Be4 {[%clk 0:13:39]} Rf6 {[%clk 0:14:19]} 30. Rxa7
{[%clk 0:13:45]} g5 {[%clk 0:14:19]} 31. Rdd7 {[%clk 0:13:45]} Kg8
{[%clk 0:14:15]} 32. Bd5+ {[%clk 0:13:42]} Kf8 {[%clk 0:14:17]} 33. Rh7
{[%clk 0:13:47]} Ke8 {[%clk 0:14:15]} 34. Bc6+ {[%clk 0:13:45]} 1-0

[Event "mpj-chlopcy"]
[Site "?"]
[Date "2014.08.06"]
[Round "9.2"]
[White "Bachor, Tomasz"]
[Black "Luczak, Filip"]
[Result "0-1"]
[LiveChessVersion "1.4.3"]
[BlackElo "1447"]
[WhiteElo "1353"]

1. e4 {[%clk 0:15:17]} c5 {[%clk 0:15:19]} 2. Nf3 {[%clk 0:15:24]} e6
{[%clk 0:15:28]} 3. d4 {[%clk 0:15:32]} cxd4 {[%clk 0:15:37]} 4. Nxd4
{[%clk 0:15:39]} Nf6 {[%clk 0:15:45]} 5. Nc3 {[%clk 0:15:27]} Nc6
{[%clk 0:15:53]} 6. Be2 {[%clk 0:15:14]} Bb4 {[%clk 0:15:46]} 7. f3
{[%clk 0:14:40]} a6 {[%clk 0:15:11]} 8. Nxc6 {[%clk 0:14:03]} bxc6
{[%clk 0:15:09]} 9. Be3 {[%clk 0:13:45]} d5 {[%clk 0:14:58]} 10. exd5
{[%clk 0:13:16]} cxd5 {[%clk 0:14:43]} 11. Bd4 {[%clk 0:12:37]} Bd6
{[%clk 0:14:27]} 12. O-O {[%clk 0:09:07]} O-O {[%clk 0:14:19]} 13. Bd3
{[%clk 0:08:06]} e5 {[%clk 0:14:14]} 14. Bf2 {[%clk 0:08:13]} Bb7
{[%clk 0:14:08]} 15. Re1 {[%clk 0:07:14]} Qc7 {[%clk 0:13:24]} 16. g3
{[%clk 0:06:36]} Rfe8 {[%clk 0:13:08]} 17. Qd2 {[%clk 0:05:45]} Rad8
{[%clk 0:12:21]} 18. Bf1 {[%clk 0:05:09]} e4 {[%clk 0:11:35]} 19. f4
{[%clk 0:03:11]} Bc5 {[%clk 0:10:41]} 20. Bxc5 {[%clk 0:02:01]} Qxc5+
{[%clk 0:10:42]} 21. Qf2 {[%clk 0:01:24]} e3 {[%clk 0:09:13]} 22. Qe2
{[%clk 0:01:06]} d4 {[%clk 0:08:25]} 23. Nd1 {[%clk 0:01:09]} Ne4
{[%clk 0:06:09]} 24. Bg2 {[%clk 0:01:15]} Rc8 {[%clk 0:05:41]} 25. c3
{[%clk 0:00:44]} dxc3 {[%clk 0:05:25]} 26. Nxc3 {[%clk 0:00:53]} Nxc3
{[%clk 0:05:31]} 27. bxc3 {[%clk 0:01:02]} Bxg2 {[%clk 0:05:37]} 28. Qxg2
{[%clk 0:01:11]} Qxc3 {[%clk 0:05:37]} 29. Qe2 {[%clk 0:00:54]} a5
{[%clk 0:05:20]} 30. Rab1 {[%clk 0:00:39]} Rcd8 {[%clk 0:05:02]} 31. Rbd1
{[%clk 0:00:36]} Rxd1 {[%clk 0:04:52]} 32. Rxd1 {[%clk 0:00:45]} g6
{[%clk 0:04:43]} 33. Kg2 {[%clk 0:00:30]} Qc6+ {[%clk 0:04:45]} 34. Qf3
{[%clk 0:00:36]} Qc2+ {[%clk 0:04:45]} 35. Kg1 {[%clk 0:00:36]} e2
{[%clk 0:04:45]} 36. Re1 {[%clk 0:00:45]} Qxa2 {[%clk 0:04:47]} 37. Qc6
{[%clk 0:00:27]} Qe6 {[%clk 0:04:51]} 38. Qb5 {[%clk 0:00:35]} Qe3+
{[%clk 0:04:51]} 39. Kg2 {[%clk 0:00:44]} Qe4+ {[%clk 0:04:59]} 40. Kg1
{[%clk 0:00:52]} a4 {[%clk 0:05:02]} 41. Qb2 {[%clk 0:00:58]} Qe3+
{[%clk 0:04:58]} 42. Kg2 {[%clk 0:01:07]} a3 {[%clk 0:05:07]} 43. Qa2
{[%clk 0:01:08]} Qc3 {[%clk 0:04:54]} 44. Kf2 {[%clk 0:00:22]} Qd4+
{[%clk 0:04:43]} 45. Kg2 {[%clk 0:00:29]} Qb2 {[%clk 0:04:47]} 46. Qxb2
{[%clk 0:00:15]} axb2 {[%clk 0:04:55]} 47. Kf2 {[%clk 0:00:24]} h5
{[%clk 0:04:55]} 48. h4 {[%clk 0:00:28]} f5 {[%clk 0:05:03]} 49. Kf3
{[%clk 0:00:35]} b1=Q {[%clk 0:05:09]} 50. Rxb1 {[%clk 0:00:44]} e1=Q
{[%clk 0:05:16]} 51. Rxe1 {[%clk 0:00:53]} Rxe1 {[%clk 0:05:25]} 52. Kf2
{[%clk 0:01:02]} Ra1 {[%clk 0:05:27]} 53. Ke3 {[%clk 0:01:08]} Kf7
{[%clk 0:05:36]} 54. Kf3 {[%clk 0:01:16]} Ke6 {[%clk 0:05:45]} 55. Kf2
{[%clk 0:01:22]} Kd5 {[%clk 0:05:54]} 56. Ke3 {[%clk 0:01:31]} Ra3+
{[%clk 0:06:02]} 57. Kf2 {[%clk 0:01:40]} Ke4 {[%clk 0:06:11]} 58. Kg2
{[%clk 0:01:47]} Re3 {[%clk 0:06:20]} 59. Kf2 {[%clk 0:01:54]} Rf3+
{[%clk 0:06:29]} 60. Kg2 {[%clk 0:02:02]} Ke3 {[%clk 0:06:37]} 61. Kh2
{[%clk 0:01:54]} Rxf4 {[%clk 0:06:46]} 62. gxf4 {[%clk 0:02:01]} Kxf4
{[%clk 0:06:55]} 63. Kh3 {[%clk 0:02:03]} Kf3 {[%clk 0:07:03]} 64. Kh2
{[%clk 0:02:12]} Kg4 {[%clk 0:07:13]} 65. Kg2 {[%clk 0:02:21]} f4
{[%clk 0:07:22]} 66. Kf2 {[%clk 0:02:29]} Kxh4 {[%clk 0:07:30]} 67. Kf3
{[%clk 0:02:39]} g5 {[%clk 0:07:39]} 68. Kf2 {[%clk 0:02:47]} g4 {[%clk 0:07:48]}
69. Kg2 {[%clk 0:02:56]} f3+ {[%clk 0:07:57]} 70. Kf2 {[%clk 0:03:05]} Kg5
{[%clk 0:08:06]} 71. Kf1 {[%clk 0:03:13]} g3 {[%clk 0:08:15]} 72. Kg1
{[%clk 0:03:21]} Kf4 {[%clk 0:08:23]} 73. Kf1 {[%clk 0:03:30]} f2
{[%clk 0:08:27]} 74. Kg2 {[%clk 0:03:36]} Ke3 {[%clk 0:08:31]} 75. Kf1
{[%clk 0:03:32]} h4 {[%clk 0:08:38]} 76. Kg2 {[%clk 0:03:41]} Ke2
{[%clk 0:08:47]} 77. Kh3 {[%clk 0:03:46]} f1=Q+ {[%clk 0:08:53]} 78. Kxh4
{[%clk 0:03:53]} Qf5 {[%clk 0:08:57]} 79. Kxg3 {[%clk 0:04:01]} Qf3+
{[%clk 0:09:04]} 80. Kh4 {[%clk 0:04:07]} Qg2 {[%clk 0:09:13]} 81. Kh5
{[%clk 0:04:16]} Qg3 {[%clk 0:09:22]} 82. Kh6 {[%clk 0:04:25]} Qg4
{[%clk 0:09:31]} 83. Kh7 {[%clk 0:04:33]} Qg5 {[%clk 0:09:40]} 84. Kh8
{[%clk 0:04:42]} Ke3 {[%clk 0:09:48]} 85. Kh7 {[%clk 0:04:51]} Kf4
{[%clk 0:09:57]} 86. Kh8 {[%clk 0:05:00]} Kf5 {[%clk 0:10:06]} 87. Kh7
{[%clk 0:05:09]} Kf6 {[%clk 0:10:15]} 88. Kh8 {[%clk 0:05:17]} Qg7#
{[%clk 0:10:24]} 0-1

[Event "mpj-chlopcy"]
[Site "?"]
[Date "2014.08.06"]
[Round "9.4"]
[White "Babiarz, Arkadiusz"]
[Black "Koszewski, Daniel"]
[Result "1-0"]
[LiveChessVersion "1.4.3"]
[BlackElo "1505"]
[WhiteElo "1331"]

1. e4 c5 {[%clk 0:15:09]} 2. Nf3 {[%clk 0:15:27]} Nf6 {[%clk 0:15:10]} 3. e5
{[%clk 0:15:35]} Nd5 {[%clk 0:15:19]} 4. c3 {[%clk 0:15:35]} Nc6 {[%clk 0:15:19]}
5. d4 {[%clk 0:15:42]} cxd4 {[%clk 0:15:19]} 6. cxd4 {[%clk 0:15:56]} e6
{[%clk 0:15:29]} 7. Nc3 {[%clk 0:12:53]} Nxc3 {[%clk 0:12:21]} 8. bxc3
{[%clk 0:13:01]} d6 {[%clk 0:12:28]} 9. exd6 {[%clk 0:12:19]} Bxd6
{[%clk 0:12:33]} 10. Bd3 {[%clk 0:12:14]} h6 {[%clk 0:12:25]} 11. O-O
{[%clk 0:12:08]} O-O {[%clk 0:12:23]} 12. Re1 {[%clk 0:10:39]} Re8
{[%clk 0:12:24]} 13. Qc2 {[%clk 0:10:07]} b6 {[%clk 0:11:16]} 14. Be3
{[%clk 0:09:29]} Bb7 {[%clk 0:11:20]} 15. Rad1 {[%clk 0:08:03]} Rc8
{[%clk 0:11:21]} 16. Qd2 {[%clk 0:07:53]} Ne7 {[%clk 0:11:23]} 17. Ne5
{[%clk 0:06:47]} Bxe5 {[%clk 0:10:54]} 18. dxe5 {[%clk 0:06:57]} Nf5
{[%clk 0:09:19]} 19. Qe2 {[%clk 0:06:36]} Qh4 {[%clk 0:08:17]} 20. Bxf5
{[%clk 0:06:00]} exf5 {[%clk 0:08:24]} 21. Rd4 {[%clk 0:05:29]} Qe7
{[%clk 0:08:11]} 22. Bd2 {[%clk 0:04:58]} Rc5 {[%clk 0:07:52]} 23. f4
{[%clk 0:04:53]} f6 {[%clk 0:07:26]} 24. e6 {[%clk 0:04:10]} Be4 {[%clk 0:07:33]}
25. Rd7 {[%clk 0:03:58]} Qxe6 {[%clk 0:07:41]} 26. Rxa7 {[%clk 0:04:04]} Rd8
{[%clk 0:06:22]} 27. Qh5 {[%clk 0:02:28]} Rxd2 {[%clk 0:03:48]} 28. Qg6
{[%clk 0:02:36]} Rxg2+ {[%clk 0:03:55]} 29. Qxg2 {[%clk 0:02:45]} Bxg2
{[%clk 0:03:55]} 30. Rxe6 {[%clk 0:02:54]} Be4 {[%clk 0:03:28]} 31. Rxb6
{[%clk 0:02:45]} Rxc3 {[%clk 0:03:34]} 32. Rd6 {[%clk 0:02:38]} Rc1+
{[%clk 0:03:36]} 33. Kf2 {[%clk 0:02:43]} Rc2+ {[%clk 0:03:45]} 34. Ke3
{[%clk 0:02:35]} Rc3+ {[%clk 0:03:53]} 35. Kd4 {[%clk 0:02:34]} Rd3+
{[%clk 0:04:02]} 36. Kc5 {[%clk 0:02:43]} Rc3+ {[%clk 0:04:12]} 37. Kb6
{[%clk 0:02:48]} Rc2 {[%clk 0:03:52]} 38. Rdd7 {[%clk 0:02:41]} Rb2+
{[%clk 0:03:50]} 39. Kc5 {[%clk 0:02:44]} Rc2+ {[%clk 0:03:59]} 40. Kb4
{[%clk 0:02:52]} Rb2+ {[%clk 0:04:05]} 41. Kc3 {[%clk 0:02:59]} Rc2+
{[%clk 0:04:14]} 42. Kb3 {[%clk 0:03:03]} Rxh2 {[%clk 0:04:14]} 43. Rxg7+
{[%clk 0:03:12]} Kf8 {[%clk 0:04:24]} 44. Rgf7+ {[%clk 0:03:17]} Ke8
{[%clk 0:04:29]} 45. Rxf6 {[%clk 0:03:21]} Bd5+ {[%clk 0:03:46]} 46. Kc3
{[%clk 0:03:23]} Rh5 {[%clk 0:03:40]} 47. Rb6 {[%clk 0:03:27]} Rh3+
{[%clk 0:02:43]} 48. Kd4 {[%clk 0:03:32]} Bb7 {[%clk 0:02:28]} 49. Rbxb7
{[%clk 0:03:35]} Rb3 {[%clk 0:02:34]} 50. Ra8# 1-0

[Event "mpj-chlopcy"]
[Site "?"]
[Date "2014.08.06"]
[Round "10.1"]
[White "Baum, Jonasz"]
[Black "Oglaza, Oskar"]
[Result "0-1"]
[LiveChessVersion "1.4.3"]
[BlackElo "1555"]
[WhiteElo "1525"]

1. e4 {[%clk 0:15:19]} c5 {[%clk 0:15:19]} 2. Nf3 {[%clk 0:15:27]} Nc6
{[%clk 0:15:28]} 3. d4 {[%clk 0:15:35]} cxd4 {[%clk 0:15:36]} 4. Nxd4
{[%clk 0:15:44]} Qb6 {[%clk 0:15:45]} 5. Nxc6 {[%clk 0:15:28]} bxc6
{[%clk 0:15:52]} 6. Bd3 {[%clk 0:14:24]} g6 {[%clk 0:15:32]} 7. c3
{[%clk 0:14:13]} Bg7 {[%clk 0:15:33]} 8. Qb3 {[%clk 0:13:46]} Qc7
{[%clk 0:15:26]} 9. Be3 {[%clk 0:13:19]} d6 {[%clk 0:15:21]} 10. O-O
{[%clk 0:12:55]} Be6 {[%clk 0:15:23]} 11. Qc2 {[%clk 0:12:44]} Nf6
{[%clk 0:15:03]} 12. Nd2 {[%clk 0:12:16]} O-O {[%clk 0:14:53]} 13. Bc4
{[%clk 0:11:50]} Bxc4 {[%clk 0:14:10]} 14. Nxc4 {[%clk 0:11:54]} Ng4
{[%clk 0:14:07]} 15. Bd2 {[%clk 0:11:22]} d5 {[%clk 0:14:12]} 16. e5
{[%clk 0:10:04]} dxc4 {[%clk 0:14:13]} 17. h3 {[%clk 0:09:35]} Nxe5
{[%clk 0:14:15]} 18. Bf4 {[%clk 0:09:42]} Qb6 {[%clk 0:14:16]} 19. Rae1
{[%clk 0:09:27]} Nd3 {[%clk 0:14:21]} 20. Be3 {[%clk 0:09:33]} Nxe1
{[%clk 0:14:23]} 21. Rxe1 {[%clk 0:09:38]} Qc7 {[%clk 0:14:29]} 22. Bc5
{[%clk 0:09:34]} Rfe8 {[%clk 0:14:26]} 23. Qe4 {[%clk 0:09:33]} e6
{[%clk 0:14:29]} 24. Qxc4 {[%clk 0:09:35]} Rad8 {[%clk 0:14:29]} 25. Qa4
{[%clk 0:09:23]} Rd5 {[%clk 0:14:28]} 26. Be3 {[%clk 0:08:49]} c5
{[%clk 0:14:15]} 27. Qxe8+ {[%clk 0:08:56]} Bf8 {[%clk 0:14:08]} 28. Bh6
{[%clk 0:08:28]} Rd8 {[%clk 0:14:02]} 29. Bf4 {[%clk 0:07:48]} e5
{[%clk 0:13:00]} 30. Qxe5 {[%clk 0:07:55]} Bd6 {[%clk 0:13:06]} 31. Qf6
{[%clk 0:04:49]} Bxf4 {[%clk 0:13:12]} 32. g3 {[%clk 0:04:16]} Bd6
{[%clk 0:12:23]} 33. Rd1 {[%clk 0:04:06]} Be7 {[%clk 0:12:15]} 34. Rxd8+
{[%clk 0:04:08]} Bxd8 {[%clk 0:12:17]} 35. Qf3 {[%clk 0:03:47]} Qe7
{[%clk 0:12:11]} 36. Qa8 {[%clk 0:03:41]} Kg7 {[%clk 0:12:13]} 37. Qf3
{[%clk 0:03:30]} Bb6 {[%clk 0:12:17]} 38. c4 {[%clk 0:03:20]} Bc7
{[%clk 0:12:09]} 39. Kg2 {[%clk 0:03:18]} Be5 {[%clk 0:12:11]} 40. b3
{[%clk 0:03:18]} Bd4 {[%clk 0:12:17]} 41. h4 {[%clk 0:03:03]} Qe1
{[%clk 0:12:15]} 42. a4 {[%clk 0:02:58]} Qb4 {[%clk 0:12:11]} 43. Kh3
{[%clk 0:02:44]} Bc3 {[%clk 0:12:13]} 44. Kg2 {[%clk 0:02:46]} Qxb3
{[%clk 0:12:17]} 45. Qd3 {[%clk 0:02:25]} Qb4 {[%clk 0:12:21]} 46. h5
{[%clk 0:02:23]} Bd4 {[%clk 0:12:08]} 47. hxg6 {[%clk 0:02:14]} hxg6
{[%clk 0:12:13]} 48. Qc2 {[%clk 0:02:19]} Qb7+ {[%clk 0:12:00]} 49. Kf1
{[%clk 0:01:50]} Qf3 {[%clk 0:11:57]} 50. Qa2 {[%clk 0:01:43]} Kf6
{[%clk 0:11:55]} 51. Qc2 {[%clk 0:01:27]} g5 {[%clk 0:11:42]} 52. Ke1
{[%clk 0:00:49]} g4 {[%clk 0:11:33]} 53. Qa2 {[%clk 0:00:29]} Bc3+
{[%clk 0:11:18]} 54. Kf1 {[%clk 0:00:38]} Qh1+ {[%clk 0:11:18]} 55. Ke2
{[%clk 0:00:45]} Qe1+ {[%clk 0:11:14]} 56. Kd3 {[%clk 0:00:42]} Bd4
{[%clk 0:11:20]} 57. Qc2 {[%clk 0:00:21]} Qxf2 {[%clk 0:11:00]} 58. Qd1
{[%clk 0:00:16]} Qxg3+ {[%clk 0:11:01]} 59. Ke4 {[%clk 0:00:20]} Qe5+
{[%clk 0:10:58]} 60. Kd3 {[%clk 0:00:27]} Qe3+ {[%clk 0:11:06]} 61. Kc2
{[%clk 0:00:35]} Qc3+ {[%clk 0:11:13]} 62. Kb1 {[%clk 0:00:44]} Qb2#
{[%clk 0:11:20]} 0-1

[Event "mpj-chlopcy"]
[Site "?"]
[Date "2014.08.06"]
[Round "10.2"]
[White "Luczak, Filip"]
[Black "Skurniak, Szymon"]
[Result "1/2-1/2"]
[LiveChessVersion "1.4.3"]
[BlackElo "1367"]
[WhiteElo "1447"]

1. e4 {[%clk 0:15:15]} c5 {[%clk 0:15:19]} 2. Nf3 {[%clk 0:15:23]} a6
{[%clk 0:15:28]} 3. Nc3 {[%clk 0:15:16]} e6 {[%clk 0:15:29]} 4. d4
{[%clk 0:15:25]} cxd4 {[%clk 0:15:35]} 5. Nxd4 {[%clk 0:15:33]} Qc7
{[%clk 0:15:35]} 6. Be2 {[%clk 0:15:30]} Bb4 {[%clk 0:15:38]} 7. O-O
{[%clk 0:14:20]} Nf6 {[%clk 0:15:37]} 8. Bf3 {[%clk 0:13:49]} O-O
{[%clk 0:15:23]} 9. Be3 {[%clk 0:13:38]} Nc6 {[%clk 0:14:54]} 10. Nce2
{[%clk 0:13:37]} Ne5 {[%clk 0:14:24]} 11. c3 {[%clk 0:12:16]} Bd6
{[%clk 0:14:10]} 12. Ng3 {[%clk 0:11:14]} Nxf3+ {[%clk 0:13:47]} 13. Qxf3
{[%clk 0:10:56]} Be5 {[%clk 0:13:34]} 14. Qe2 {[%clk 0:10:33]} d5
{[%clk 0:11:23]} 15. f4 {[%clk 0:10:18]} Bxd4 {[%clk 0:11:29]} 16. Bxd4
{[%clk 0:10:20]} Nxe4 {[%clk 0:11:00]} 17. Nxe4 {[%clk 0:10:22]} dxe4
{[%clk 0:11:09]} 18. Qxe4 {[%clk 0:10:29]} Bd7 {[%clk 0:10:45]} 19. Be5
{[%clk 0:10:12]} Qb6+ {[%clk 0:10:46]} 20. Qd4 {[%clk 0:10:11]} Qxd4+
{[%clk 0:10:17]} 21. Bxd4 {[%clk 0:10:17]} Rac8 {[%clk 0:09:24]} 22. Rad1
{[%clk 0:10:14]} Bb5 {[%clk 0:09:27]} 23. Rfe1 {[%clk 0:10:17]} Rfd8
{[%clk 0:09:14]} 24. Kf2 {[%clk 0:10:09]} Kf8 {[%clk 0:07:19]} 25. g4
{[%clk 0:09:52]} Rd5 {[%clk 0:07:15]} 26. f5 {[%clk 0:09:17]} exf5
{[%clk 0:06:46]} 27. Bxg7+ {[%clk 0:09:21]} Kxg7 {[%clk 0:06:35]} 28. Rxd5
{[%clk 0:09:27]} Bc4 {[%clk 0:06:42]} 29. Rxf5 {[%clk 0:09:14]} Bxa2
{[%clk 0:06:44]} 30. Re3 {[%clk 0:07:13]} Rd8 {[%clk 0:06:39]} 31. b4
{[%clk 0:07:20]} Bc4 {[%clk 0:05:55]} 32. Rf4 {[%clk 0:07:16]} Rd2+
{[%clk 0:05:58]} 33. Kg3 {[%clk 0:07:19]} Bd5 {[%clk 0:05:27]} 34. Rf2
{[%clk 0:07:17]} Rd1 {[%clk 0:05:30]} 35. Kf4 {[%clk 0:06:32]} Be6
{[%clk 0:05:00]} 36. h4 {[%clk 0:05:51]} Rg1 {[%clk 0:04:46]} 37. Rg3
{[%clk 0:05:52]} Re1 {[%clk 0:04:37]} 38. g5 {[%clk 0:05:27]} Rh1
{[%clk 0:04:11]} 39. Ke5 {[%clk 0:04:37]} Rxh4 {[%clk 0:04:11]} 40. Rf6
{[%clk 0:04:11]} Rh5 {[%clk 0:03:04]} 41. Rxe6 {[%clk 0:04:06]} fxe6
{[%clk 0:03:10]} 42. Kxe6 {[%clk 0:04:14]} Kg6 {[%clk 0:03:14]} 43. Rf3
{[%clk 0:04:01]} Kxg5 {[%clk 0:02:55]} 44. Rf7 1/2-1/2